00699nam a2200193 4500999001900000005001700019010001500036020002600051035001400077037001300091082001500104100001800119245008300137260004500220270006400265300002000329942002900349952012700378 c195902d19590220230508171110.0 aENG-136781 a9780198070986c695.00 aEN-120313 bDBAD/PUB a321.020954 aC. Rangarajan aFederalism and Fiscal Transfers In India/cBy C. Rangarajan and D.K.Srivastava aNew DelhibOxford University Pressc2011 aYMCA Library Building, Jai Singh Road, bNew Delhie110001 a257pc22cm(hbk) 2ddccENmCRAh321.020954 001040708NFICaBL4bBL4d2023-05-08eDBAB/PUBg695.00l0o321.020954 CRApEN-120313r2023-05-08 00:00:00t1v695.00yEN